[Event "Manchester NH"]
[Site "Manchester"]
[Date "2017.03.25"]
[Round "3"]
[White "Terrie, Henry L"]
[Black "Fang, Joseph"]
[Result "0-1"]
[WhiteElo "1990"]
[BlackElo "2321"]
[PlyCount "82"]
[EventDate "2017.03.24"]
[EventType "tourn"]
[EventRounds "5"]
[EventCountry "USA"]
[SourceTitle "CBM 177 Extra"]
[Source "ChessBase"]
[SourceDate "2017.04.27"]
[SourceVersion "1"]
[SourceVersionDate "2017.04.27"]
[SourceQuality "1"]

1. Nf3 g6 2. d4 Bg7 3. g3 Nf6 4. Bg2 0-0 5. 0-0 d6 6. c4 Nbd7 7. Nc3 e5 8. e4 c6 9. Rb1 exd4 10. Nxd4 Re8 11. Re1 a5 12. h3 Nc5 13. Bf4 Qb6 14. Nc2 Be6 15. Bf1 Rad8 16. Be3 Bc8 17. Bg2 Qc7 18. f3 Nfd7 19. Bf2 Ne5 20. Bf1 f5 21. f4 Nf7 22. exf5 Bxf5 23. Rxe8+ Rxe8 24. g4 Bc8 25. Bg2 Ne6 26. Qd2 d5 27. cxd5 Nxf4 28. Re1 Rxe1+ 29. Nxe1 Nxg2 30. Kxg2 b5 31. Nf3 Bb7 32. Bg3 Qd7 33. Qf4 cxd5 34. Qb8+ Bf8 35. Nd4 b4 36. Ncb5 Qe7 37. Qc7 Qe4+ 38. Kh2 Ba6 39. Qb6 Bxb5 40. Nxb5 Ng5 41. Nd4 Qxd4 0-1

[Event "Manchester NH"]
[Site "Manchester"]
[Date "2017.03.24"]
[Round "1"]
[White "Elmore, John"]
[Black "Fang, Joseph"]
[Result "0-1"]
[WhiteElo "1909"]
[BlackElo "2321"]
[PlyCount "44"]
[EventDate "2017.03.24"]
[EventType "tourn"]
[EventRounds "5"]
[EventCountry "USA"]
[SourceTitle "CBM 177 Extra"]
[Source "ChessBase"]
[SourceDate "2017.04.27"]
[SourceVersion "1"]
[SourceVersionDate "2017.04.27"]
[SourceQuality "1"]

1. e4 e5 2. Nf3 Nc6 3. Bb5 a6 4. Ba4 Nf6 5. 0-0 Be7 6. Re1 b5 7. Bb3 0-0 8. h3 Bb7 9. c3 d5 10. exd5 Nxd5 11. d4 exd4 12. Nxd4 Nxd4 13. Qxd4 c5 14. Qe4 c4 15. Bc2 f5 16. Qe2 Bc5 17. Qh5 Qb6 18. Qh4 Rae8 19. Rf1 Re2 20. Bd1 Bxf2+ 21. Rxf2 Re1+ 22. Kh2 Qd6+ 0-1

[Event "USA-chT Amateur East"]
[Site "Parsipanny"]
[Date "2009.02.16"]
[Round "6"]
[White "Fang, Joseph"]
[Black "Patay, Travis J"]
[Result "1-0"]
[WhiteElo "2321"]
[BlackElo "2017"]
[PlyCount "53"]
[EventDate "2009.02.14"]
[EventType "team-tourn"]
[EventRounds "6"]
[EventCountry "USA"]
[SourceTitle "CBM 129 Extra"]
[Source "ChessBase"]
[SourceDate "2009.05.05"]
[SourceVersion "2"]
[SourceVersionDate "2009.05.20"]
[SourceQuality "1"]

1. d4 Nf6 2. c4 e6 3. Nc3 Bb4 4. Bg5 h6 5. Bh4 c5 6. d5 d6 7. e3 Qe7 8. Bd3 e5 9. Nge2 g5 10. Bg3 e4 11. Bc2 Bg4 12. Ba4+ Nbd7 13. Qc2 0-0-0 14. a3 Bxc3+ 15. Nxc3 Kb8 16. Bxd7 Rxd7 17. b4 Ka8 18. bxc5 dxc5 19. Nb5 Nh5 20. d6 Qf6 21. 0-0 Nxg3 22. fxg3 Qe5 23. Rab1 a6 24. Nc7+ Ka7 25. Qb3 Rxc7 26. Qb6+ Kb8 27. Qxc7+ 1-0

[Event "USA-chT Amateur East"]
[Site "Parsipanny"]
[Date "2009.02.16"]
[Round "5"]
[White "Miller, Daniel I"]
[Black "Fang, Joseph"]
[Result "0-1"]
[WhiteElo "2241"]
[BlackElo "2321"]
[PlyCount "56"]
[EventDate "2009.02.14"]
[EventType "team-tourn"]
[EventRounds "6"]
[EventCountry "USA"]
[SourceTitle "CBM 129 Extra"]
[Source "ChessBase"]
[SourceDate "2009.05.05"]
[SourceVersion "2"]
[SourceVersionDate "2009.05.20"]
[SourceQuality "1"]

1. e4 c6 2. Nc3 d5 3. Nf3 Bg4 4. h3 Bxf3 5. Qxf3 Nf6 6. d3 e6 7. Be2 Nbd7 8. Qg3 g6 9. 0-0 Bg7 10. Bf4 Qb6 11. Rab1 e5 12. Bd2 d4 13. Nd1 Qa6 14. b3 Nxe4 15. dxe4 Qxe2 16. Qd3 Qxd3 17. cxd3 0-0 18. Nb2 Rfc8 19. Nc4 Nc5 20. Nb2 a5 21. Rbc1 Bf8 22. f4 exf4 23. Bxf4 a4 24. Rxc5 Bxc5 25. Nxa4 Ba7 26. Rc1 b5 27. Nb2 Bb8 28. Bxb8 Rcxb8 0-1

[Event "USA-chT Amateur East"]
[Site "Parsipanny"]
[Date "2009.02.15"]
[Round "4"]
[White "Fang, Joseph"]
[Black "Kwartler, Lonnie"]
[Result "1-0"]
[WhiteElo "2321"]
[BlackElo "2206"]
[PlyCount "57"]
[EventDate "2009.02.14"]
[EventType "team-tourn"]
[EventRounds "6"]
[EventCountry "USA"]
[SourceTitle "CBM 129 Extra"]
[Source "ChessBase"]
[SourceDate "2009.05.05"]
[SourceVersion "2"]
[SourceVersionDate "2009.05.20"]
[SourceQuality "1"]

1. d4 Nf6 2. c4 e6 3. Nc3 Bb4 4. Bg5 h6 5. Bh4 c5 6. d5 d6 7. e3 e5 8. Bd3 Qe7 9. Nge2 Nbd7 10. Ng3 Bxc3+ 11. bxc3 g6 12. 0-0 g5 13. Nf5 Qf8 14. Bg3 Nb6 15. f4 gxf4 16. Bh4 Bxf5 17. Bxf5 Qg7 18. exf4 e4 19. Re1 Rg8 20. Qc2 Kf8 21. Bxe4 Re8 22. Bf5 Nxc4 23. Rxe8+ Nxe8 24. Re1 f6 25. Qe4 Nc7 26. Bg6 Qd7 27. Bxf6 Nb6 28. Be7+ Kg7 29. Bh5 1-0

[Event "Foxwoods op 07th"]
[Site "Mashantucket"]
[Date "2005.03.25"]
[Round "5"]
[White "Fang, Joseph"]
[Black "Coleman, Teddy"]
[Result "1-0"]
[WhiteElo "2322"]
[BlackElo "2247"]
[PlyCount "53"]
[EventDate "2005.03.23"]
[EventType "swiss"]
[EventRounds "9"]
[EventCountry "USA"]
[SourceTitle "CBM 105 Extra"]
[Source "ChessBase"]
[SourceDate "2005.05.01"]
[SourceVersion "1"]
[SourceVersionDate "2005.05.01"]
[SourceQuality "1"]

1. d4 Nf6 2. c4 e6 3. Nc3 Bb4 4. Bg5 c5 5. d5 d6 6. e3 Bxc3+ 7. bxc3 h6 8. Bh4 e5 9. Bd3 Nbd7 10. Ne2 Nf8 11. Qb1 Qe7 12. f3 b6 13. a4 Rb8 14. a5 g5 15. Bf2 b5 16. cxb5 Nxd5 17. 0-0 Nd7 18. Rd1 Bb7 19. c4 Nc7 20. Ng3 Qf6 21. Be4 0-0 22. Bxb7 Rxb7 23. Ne4 Qf5 24. Nxd6 Qxb1 25. Raxb1 Rbb8 26. Ne4 Rfd8 27. Rxd7 1-0

[Event "USA-chT Amateur East"]
[Site "Parsippany"]
[Date "2005.03.20"]
[Round "3"]
[White "Mirabile, Tim"]
[Black "Fang, Joseph"]
[Result "0-1"]
[WhiteElo "2247"]
[BlackElo "2322"]
[PlyCount "156"]
[EventDate "2005.03.19"]
[EventType "team"]
[EventRounds "6"]
[EventCountry "USA"]
[SourceTitle "CBM 105 Extra"]
[Source "ChessBase"]
[SourceDate "2005.05.01"]
[SourceVersion "1"]
[SourceVersionDate "2005.05.01"]
[SourceQuality "1"]

1. e4 c6 2. d4 d5 3. Nd2 dxe4 4. Nxe4 Bf5 5. Ng3 Bg6 6. h4 h6 7. Nf3 Nd7 8. h5 Bh7 9. Bd3 Bxd3 10. Qxd3 e6 11. Bf4 Bb4+ 12. c3 Be7 13. 0-0-0 Ngf6 14. Kb1 0-0 15. Ne4 Qa5 16. Nxf6+ Nxf6 17. Ne5 c5 18. Nc4 Qa6 19. Ne3 Qxd3+ 20. Rxd3 cxd4 21. Rxd4 Bc5 22. Rc4 Rac8 23. Be5 b5 24. Rch4 Rfd8 25. Bd4 Bxd4 26. Rxd4 Rxd4 27. cxd4 Rd8 28. Rh4 Rc8 29. f3 Kf8 30. Rh1 Ke7 31. g4 Rd8 32. Rd1 Nd5 33. Nxd5+ Rxd5 34. Kc2 f5 35. Kc3 a5 36. Re1 Kf6 37. Rg1 e5 38. dxe5+ Rxe5 39. f4 Rc5+ 40. Kd4 Rc4+ 41. Ke3 fxg4 42. Rxg4 Rc2 43. Rg6+ Kf7 44. Rb6 Rxb2 45. a3 b4 46. axb4 Rxb4 47. Ra6 Rb5 48. Kf3 Rxh5 49. Kg4 Rb5 50. Ra7+ Kg8 51. f5 Rb4+ 52. Kh5 a4 53. f6 Rb5+ 54. Kh4 g6 55. Rxa4 Rf5 56. Ra8+ Kf7 57. Rh8 h5 58. Ra8 Kxf6 59. Ra6+ Kg7 60. Ra7+ Kh6 61. Ra6 Rf4+ 62. Kg3 Rd4 63. Ra5 Rd3+ 64. Kg2 h4 65. Kh2 g5 66. Ra6+ Kh5 67. Ra4 Rd2+ 68. Kh1 h3 69. Kg1 g4 70. Kh1 Kh4 71. Rb4 Re2 72. Ra4 Kg3 73. Ra3+ Kf4 74. Ra4+ Kf3 75. Ra3+ Re3 76. Ra1 g3 77. Rf1+ Ke2 78. Ra1 Rd3 0-1

[Event "World op 32nd"]
[Site "Philadelphia"]
[Date "2004.07.04"]
[Round "6"]
[White "Fang, Joseph"]
[Black "Francisco, Richard"]
[Result "1-0"]
[WhiteElo "2338"]
[BlackElo "2225"]
[PlyCount "77"]
[EventDate "2004.07.01"]
[EventType "swiss"]
[EventRounds "9"]
[EventCountry "USA"]
[SourceTitle "CBM 101 Extra"]
[Source "ChessBase"]
[SourceDate "2004.09.01"]
[SourceVersion "2"]
[SourceVersionDate "2004.09.01"]
[SourceQuality "1"]

1. Nf3 Nf6 2. c4 e6 3. Nc3 Bb4 4. Qc2 0-0 5. a3 Bxc3 6. Qxc3 d5 7. e3 b6 8. b3 Bb7 9. Bb2 Nbd7 10. cxd5 Bxd5 11. d3 Nc5 12. Nd2 Re8 13. e4 Bb7 14. Be2 Re7 15. Nc4 Qf8 16. 0-0 Rd8 17. Rac1 Ne8 18. f3 Red7 19. Rfd1 Ba6 20. d4 Nb7 21. Qe1 Qe7 22. Ne5 Bxe2 23. Qxe2 Na5 24. Nxd7 Qxd7 25. Qc2 Qb5 26. b4 Nb7 27. Qc4 Qg5 28. a4 a5 29. b5 Nbd6 30. Qb3 h5 31. Rc6 h4 32. h3 Qg3 33. Qc3 f5 34. e5 Nf7 35. Qe1 Qg6 36. d5 Ng5 37. Kh1 Qh5 38. dxe6 Nxf3 39. Qe2 1-0

[Event "North American op"]
[Site "Las Vegas"]
[Date "2003.12.28"]
[Round "3"]
[White "Fang, Joseph"]
[Black "Ibragimov, Ildar"]
[Result "0-1"]
[WhiteElo "2324"]
[BlackElo "2587"]
[PlyCount "54"]
[EventDate "2003.12.26"]
[EventType "swiss"]
[EventRounds "6"]
[EventCountry "USA"]
[SourceTitle "CBM 098 Extra"]
[Source "ChessBase"]
[SourceDate "2004.03.10"]
[SourceVersion "2"]
[SourceVersionDate "2004.03.10"]
[SourceQuality "1"]

1. Nf3 Nf6 2. c4 e6 3. Nc3 Bb4 4. Qc2 0-0 5. a3 Bxc3 6. Qxc3 b6 7. e3 Bb7 8. Be2 Ne4 9. Qc2 Ng5 10. b3 Nxf3+ 11. gxf3 Qh4 12. Bb2 f6 13. Rg1 Nc6 14. 0-0-0 Ne5 15. Rg3 Ng6 16. Rdg1 f5 17. Qc3 Rf7 18. f4 Re8 19. Rg5 Qxf2 20. Bh5 d6 21. Bxg6 hxg6 22. Rxg6 e5 23. fxe5 dxe5 24. d4 Re6 25. dxe5 Rxg6 26. Rxg6 Qf1+ 27. Kd2 Rd7+ 0-1

[Event "Budapest FS06 GM"]
[Site "Budapest"]
[Date "2003.06.08"]
[Round "2"]
[White "Todorovic, Goran M"]
[Black "Fang, Joseph"]
[Result "1-0"]
[WhiteElo "2459"]
[BlackElo "2314"]
[PlyCount "81"]
[EventDate "2003.06.03"]
[EventType "tourn"]
[EventRounds "9"]
[EventCountry "HUN"]
[EventCategory "7"]
[SourceTitle "CBM 094 Extra"]
[Source "ChessBase"]
[SourceDate "2003.07.09"]
[SourceVersion "2"]
[SourceVersionDate "2003.07.09"]
[SourceQuality "1"]

1. e4 c6 2. d4 d5 3. e5 Bf5 4. c4 e6 5. Nc3 dxc4 6. Bxc4 Nd7 7. Nge2 Nb6 8. Bb3 Ne7 9. Nf4 h6 10. 0-0 Qd7 11. Be3 Bh7 12. Qh5 Ned5 13. Nfxd5 Nxd5 14. Nxd5 cxd5 15. Rac1 Be7 16. Qg4 Kf8 17. Bc2 Bxc2 18. Rxc2 Rc8 19. Rxc8+ Qxc8 20. Rc1 Qd7 21. h4 h5 22. Qg3 Qd8 23. Bg5 Bxg5 24. Qxg5 Qd7 25. Rc3 Rh6 26. Qc1 Kg8 27. Rc7 Qb5 28. Qf4 Qe8 29. Rxb7 Rg6 30. b3 a5 31. f3 a4 32. b4 a3 33. Kh2 Kh7 34. Qxf7 Qc8 35. Qc7 Qf8 36. Qc1 Qf5 37. Qd2 Qb1 38. Rc7 Qb2 39. Rc2 Qb1 40. Rc1 Qf5 41. b5 1-0

[Event "Budapest FS06 GM"]
[Site "Budapest"]
[Date "2003.06.07"]
[Round "1"]
[White "Fang, Joseph"]
[Black "Galyas, Miklos"]
[Result "1/2-1/2"]
[WhiteElo "2314"]
[BlackElo "2413"]
[PlyCount "40"]
[EventDate "2003.06.03"]
[EventType "tourn"]
[EventRounds "9"]
[EventCountry "HUN"]
[EventCategory "7"]
[SourceTitle "CBM 094 Extra"]
[Source "ChessBase"]
[SourceDate "2003.07.09"]
[SourceVersion "2"]
[SourceVersionDate "2003.07.09"]
[SourceQuality "1"]

1. Nf3 d5 2. d4 Nf6 3. c4 e6 4. Nc3 dxc4 5. Bg5 Bb4 6. e4 c5 7. Bxc4 cxd4 8. Nxd4 Bxc3+ 9. bxc3 Qa5 10. Bb5+ Nbd7 11. Bxf6 Qxc3+ 12. Kf1 gxf6 13. h4 a6 14. Rh3 Qa5 15. Be2 Nc5 16. Nb3 Nxb3 17. Qxb3 b6 18. Qb2 Qe5 19. Qxe5 fxe5 20. Rb3 b5 1/2-1/2

[Event "Budapest FS05 IM-B"]
[Site "Budapest"]
[Date "2003.05.09"]
[Round "7"]
[White "Schnelzer, Reinhold"]
[Black "Fang, Joseph"]
[Result "0-1"]
[WhiteElo "2271"]
[BlackElo "2314"]
[PlyCount "90"]
[EventDate "2003.05.03"]
[EventType "tourn"]
[EventRounds "13"]
[EventCountry "HUN"]
[EventCategory "1"]
[SourceTitle "CBM 094 Extra"]
[Source "ChessBase"]
[SourceDate "2003.07.09"]
[SourceVersion "2"]
[SourceVersionDate "2003.07.09"]
[SourceQuality "1"]

1. Nf3 d5 2. d4 Nf6 3. g3 Bf5 4. Bg2 e6 5. 0-0 Bd6 6. c4 c6 7. Qb3 Qb6 8. Nc3 Na6 9. Bg5 Ne4 10. Nxe4 Bxe4 11. c5 Qxb3 12. axb3 Be7 13. Bf4 f6 14. h4 e5 15. dxe5 Nxc5 16. Nd4 Bxg2 17. Kxg2 Kd7 18. Rfe1 Rhe8 19. b4 Ne6 20. Nxe6 Kxe6 21. e4 Bxb4 22. exd5+ cxd5 23. Re2 f5 24. Be3 a6 25. f4 Rac8 26. Ra4 Rc4 27. Bd2 Be7 28. Rxc4 dxc4 29. Ba5 Rc8 30. Rd2 b5 31. Kf3 h5 32. Ke2 b4 33. Kd1 c3 34. bxc3 Rxc3 35. Rd4 Bc5 36. Rd8 Rxg3 37. Ra8 Kd5 38. Rxa6 Kc4 39. Rc6 Kd3 40. Kc1 Bd4 41. Kb1 Bc3 42. Rd6+ Kc4 43. Rd1 Kb3 44. Bb6 Rg2 45. Rg1 Ra2 0-1

[Event "Foxwoods op 05th"]
[Site "Connecticut"]
[Date "2003.04.18"]
[Round "2"]
[White "Gurevich, Dmitry"]
[Black "Fang, Joseph"]
[Result "1/2-1/2"]
[WhiteElo "2498"]
[BlackElo "2314"]
[PlyCount "92"]
[EventDate "2003.04.17"]
[EventType "swiss"]
[EventRounds "7"]
[EventCountry "USA"]
[SourceTitle "CBM 093 Extra"]
[Source "ChessBase"]
[SourceDate "2003.05.09"]
[SourceVersion "1"]
[SourceVersionDate "2003.05.09"]
[SourceQuality "1"]

1. c4 e6 2. Nf3 d5 3. d4 Nf6 4. g3 Be7 5. Bg2 0-0 6. Qc2 c5 7. dxc5 Na6 8. 0-0 Nxc5 9. cxd5 Nxd5 10. a3 Bd7 11. e4 Ba4 12. Qe2 Nb6 13. Be3 Nb3 14. Ra2 Rc8 15. Nc3 Qe8 16. Nd4 Bc5 17. Nxb3 Bxb3 18. Bxc5 Rxc5 19. Raa1 Qe7 20. Rfe1 Rd8 21. Rac1 Nc4 22. Nb1 b6 23. Bf1 Ne5 24. Qe3 Bc4 25. Bxc4 Nxc4 26. Qe2 b5 27. a4 a6 28. axb5 axb5 29. Rc3 h6 30. Rec1 Rdc8 31. Kg2 Ne5 32. f4 Nc4 33. h4 R5c6 34. b3 Na5 35. Rxc6 Rxc6 36. Rxc6 Nxc6 37. Qxb5 Nd4 38. Qc4 Qa7 39. Nc3 Nc2 40. Qe2 Nd4 41. Qe3 Qc5 42. Ne2 Qc2 43. Qxd4 Qxe2+ 44. Qf2 Qxe4+ 45. Qf3 Qc2+ 46. Kh3 h5 1/2-1/2

[Event "Western States op"]
[Site "Reno"]
[Date "2002.10.18"]
[Round "2"]
[White "Fang, Joseph"]
[Black "Haessel, Dale R"]
[Result "1-0"]
[WhiteElo "2306"]
[BlackElo "2208"]
[PlyCount "35"]
[EventDate "2002.10.18"]
[EventType "swiss"]
[EventRounds "6"]
[EventCountry "USA"]
[SourceTitle "EXT 2009"]
[Source "ChessBase"]
[SourceDate "2008.11.26"]
[SourceVersion "1"]
[SourceVersionDate "2008.11.26"]
[SourceQuality "1"]

1. Nf3 c5 2. c4 Nf6 3. Nc3 Nc6 4. g3 d5 5. d4 dxc4 6. d5 Na5 7. Bg2 g6 8. Bf4 Nh5 9. Be3 b6 10. Ne5 Bg7 11. Nc6 Nxc6 12. dxc6 Be6 13. c7 Qc8 14. Bc6+ Bd7 15. Qd5 Nf6 16. Bxd7+ Nxd7 17. 0-0-0 a6 18. Qc6 1-0

[Event "New Hampshire op 52nd"]
[Site "Manchester"]
[Date "2002.07.13"]
[Round "2"]
[White "Fang, Joseph"]
[Black "Field, Gary"]
[Result "1-0"]
[WhiteElo "2296"]
[BlackElo "2071"]
[PlyCount "65"]
[EventDate "2002.07.??"]
[EventType "swiss"]
[EventRounds "5"]
[EventCountry "USA"]
[SourceTitle "EXT 2005"]
[Source "ChessBase"]
[SourceDate "2004.11.15"]
[SourceVersion "1"]
[SourceVersionDate "2004.11.15"]
[SourceQuality "1"]

1. e4 e6 2. d3 c5 3. Nf3 Nc6 4. g3 Nge7 5. Bg2 g6 6. 0-0 Bg7 7. Re1 d6 8. Nc3 0-0 9. Be3 e5 10. Qd2 Nd4 11. Bxd4 cxd4 12. Ne2 Bg4 13. c3 dxc3 14. bxc3 Qa5 15. Reb1 Rab8 16. a4 Rfc8 17. Rb5 Qc7 18. Qa2 Be6 19. c4 Bh6 20. Nc3 Bd7 21. Rb3 f5 22. Rab1 fxe4 23. Nxe4 Bc6 24. Nfg5 Bxg5 25. Nxg5 Bxg2 26. Kxg2 h6 27. Ne4 Qc6 28. Rb5 Kg7 29. Qb2 Rc7 30. f4 a6 31. fxe5 dxe5 32. Qxe5+ Kg8 33. Rc5 1-0

[Event "Foxwoods op 04th"]
[Site "Connecticut"]
[Date "2002.03.28"]
[Round "1"]
[White "Ibragimov, Ildar"]
[Black "Fang, Joseph"]
[Result "1-0"]
[WhiteElo "2584"]
[BlackElo "2318"]
[PlyCount "89"]
[EventDate "2002.03.28"]
[EventType "swiss"]
[EventRounds "7"]
[EventCountry "USA"]
[SourceTitle "CBM 087 Extra"]
[Source "ChessBase"]
[SourceDate "2002.05.03"]
[SourceVersion "2"]
[SourceVersionDate "2002.08.09"]
[SourceQuality "1"]

1. c4 Nf6 2. Nc3 c5 3. Nf3 b6 4. e3 Bb7 5. d4 cxd4 6. exd4 e6 7. a3 d6 8. Bd3 Be7 9. 0-0 Nbd7 10. Re1 0-0 11. b4 Rc8 12. Bb2 Re8 13. d5 e5 14. Nd2 a6 15. Nb3 Bf8 16. a4 a5 17. bxa5 bxa5 18. Nb5 e4 19. Bf1 Ne5 20. Nd2 Neg4 21. Bd4 g6 22. h3 Ne5 23. Qb3 Ba6 24. Nxe4 Nxe4 25. Rxe4 Bg7 26. Rae1 Bxb5 27. cxb5 f5 28. R4e2 Nf3+ 29. Qxf3 Rxe2 30. Qxe2 Bxd4 31. g3 Rc3 32. Kg2 Bf6 33. Qe8+ Kg7 34. Qxd8 Bxd8 35. Re6 Bc7 36. g4 fxg4 37. hxg4 Kf7 38. g5 Ra3 39. b6 Bxb6 40. Rxd6 Bc5 41. Rc6 Rc3 42. Rc7+ Kf8 43. d6 Bb4 44. Bb5 Rc5 45. d7 1-0

[Event "Queen City op 26th"]
[Site "Manchester"]
[Date "2002.02.23"]
[Round "1"]
[White "Fang, Joseph"]
[Black "Boucher, William"]
[Result "1/2-1/2"]
[WhiteElo "2299"]
[BlackElo "2045"]
[PlyCount "57"]
[EventDate "2002.02.??"]
[EventType "swiss"]
[EventRounds "4"]
[EventCountry "USA"]
[SourceTitle "EXT 2005"]
[Source "ChessBase"]
[SourceDate "2004.11.15"]
[SourceVersion "1"]
[SourceVersionDate "2004.11.15"]
[SourceQuality "1"]

1. Nf3 d5 2. d4 Nc6 3. Bf4 Bg4 4. e3 e6 5. c4 Bb4+ 6. Nc3 a6 7. cxd5 exd5 8. Rc1 Nge7 9. Bd3 Ng6 10. Bg3 Nce7 11. Qb3 Ba5 12. Qxb7 Bb6 13. Na4 Ra7 14. Bxc7 Rxb7 15. Bxd8 Kxd8 16. Bxa6 Ra7 17. Bb5 Ba5+ 18. Ke2 Bd7 19. Bxd7 Kxd7 20. Rc2 f6 21. a3 Rc8 22. Nc5+ Kd6 23. Rhc1 Bb6 24. g3 Nf8 25. e4 dxe4 26. Nxe4+ Kd7 27. Nc5+ Kd6 28. Ne4+ Kd7 29. Nc5+ 1/2-1/2

[Event "Northeast Winter Getaway op"]
[Site "Lowell"]
[Date "2002.02.10"]
[Round "4"]
[White "Armes, Robert C"]
[Black "Fang, Joseph"]
[Result "0-1"]
[WhiteElo "2075"]
[BlackElo "2299"]
[PlyCount "76"]
[EventDate "2002.02.??"]
[EventType "swiss"]
[EventRounds "5"]
[EventCountry "USA"]
[SourceTitle "EXT 2005"]
[Source "ChessBase"]
[SourceDate "2004.11.15"]
[SourceVersion "1"]
[SourceVersionDate "2004.11.15"]
[SourceQuality "1"]

1. e4 d6 2. d4 Nf6 3. Nc3 g6 4. f4 Bg7 5. Nf3 c5 6. Bb5+ Bd7 7. e5 Ng4 8. Bxd7+ Qxd7 9. d5 dxe5 10. h3 e4 11. Nxe4 Nf6 12. Nxf6+ Bxf6 13. Be3 Bxb2 14. Rb1 Bc3+ 15. Kf2 Na6 16. Qd3 Bf6 17. a3 0-0 18. Qc4 Rab8 19. a4 Nc7 20. Qxc5 b6 21. Qc6 Qxd5 22. Qxc7 Rb7 23. c4 Qxf3+ 24. Kxf3 Rxc7 25. a5 bxa5 26. c5 Bc3 27. Rhc1 Bb4 28. Rc4 Rc6 29. Rd1 a6 30. Rdc1 Rd8 31. Ke2 Rd5 32. Rd1 Rxd1 33. Kxd1 Kf8 34. Kc2 Ke8 35. Kb3 Kd7 36. Rd4+ Kc7 37. Rc4 Re6 38. Bd4 Kc6 0-1